Fr. Conceicao Rodrigues College of Engineering

Introduction to wireless telecommunications system and networks (Record no. 29926)

MARC details
000 -LEADER
fixed length control field 00395nam a2200157Ia 4500
082 ## - DEWEY DECIMAL CLASSIFICATION NUMBER
Classification number 621.382
Item number MUL
100 ## - MAIN ENTRY--PERSONAL NAME
Personal name Mullet/Gary J
245 ## - TITLE STATEMENT
Title Introduction to wireless telecommunications system and networks
260 ## - PUBLICATION, DISTRIBUTION, ETC.
Name of publisher, distributor, etc. Cengage Learning
Date of publication, distribution, etc. 2006
366 ## - TRADE AVAILABILITY INFORMATION
Publishers's discount category 25
300 ## - PHYSICAL DESCRIPTION
Extent 446
546 ## - LANGUAGE NOTE
Language note ENGLISH
-- TTL
650 ## - SUBJECT ADDED ENTRY--TOPICAL TERM
Topical term or geographic name entry element Wireless communications
654 ## - SUBJECT ADDED ENTRY--FACETED TOPICAL TERMS
Focus term telecommunication
942 ## - ADDED ENTRY ELEMENTS (KOHA)
Koha item type BOOK
Holdings
Withdrawn status Lost status Damaged status Not for loan Collection Home library Current library Date acquired Source of acquisition Cost, normal purchase price Inventory number Total Checkouts Full call number Barcode Date last seen Cost, replacement price Price effective from Koha item type
        CRC Fr. Agnel's C.Rodrigues College of Engineering Fr. Agnel's C.Rodrigues College of Engineering 17/03/2023 Allied Publishers 224.25 1336 dt 08/07/2010   621.382 MUL 20692 17/03/2023 299.00   BOOK